=LDR 00000nam 2200000 4500 =001 INLIS000000000034867 =005 20130612140747 =008 ***********************************ind** =035 ##$$0010-061300000034867 =041 ##$$a ind =082 ##$$a 028.5 =090 ##$$a 028.5, Arh s =100 ##$$a Arhandhini, Irfandia =245 ##$$a Subharallah Allah menciptakan semut, Irfandia Arhandhini;Editor,Tim kreatif Regina =250 ##$$a Seri kewajiban hewan =260 ##$$a [Sa] $b Bogor =300 ##$$a 49 hlm, Ilus, 25 cm =650 ##$$a Bacaan Kanak-Kanak =710 ##$$a Tim Kreatif Regina =850 ##$$a NBPNMAT =990 ##$$a 21601312/BPAP-NTB/2017